Meditación en la costa /

Guardado en:
Autor Principal: Mallea, Eduardo
Otros Autores: Iriarte, Raúl, pról.
Formato: Libro
Publicado: Bahía Blanca : 17grises, 2010
Series:Colección Lindante / materiales
Materias:
Etiquetas: Agregar Etiqueta
Sin Etiquetas, Sea el primero en etiquetar este registro!
LEADER 00728nam a22002415a 4500
001 CEM.cems013409
005 20100827114210.0
008 130507s2010##################000#0#####d
003 CEMS
020 |a 9789871724062 
082 0 4 |a A864.4 
100 1 |a Mallea, Eduardo 
245 1 0 |a Meditación en la costa /  |c Eduardo Mallea ; estudio Preliminar de Raúl Iriarte 
260 |a Bahía Blanca :  |b 17grises,  |c 2010 
300 |a 104 p. 
490 0 |a Colección Lindante / materiales 
653 |a Literatura 
653 |a Literatura argentina 
653 |a Literatura bahiense 
653 |a Autores bahienses 
653 |a Ensayo 
700 1 |a Iriarte, Raúl, pról. 
859 |a CEMS  |b BIB. CEMS - 11 de abril  |h A864.4  |i M295-1  |p 25947.10  |t Ej.1